Pracovní a prodejní doba v maloobchodě v zahraničí

Salvato in:
Dettagli Bibliografici
Autore principale: Burešová, Zuzana
Altri autori: Průšová, Hana
Natura: Libro
Lingua:ceco
Pubblicazione: Praha Výzkumný ústav obchodu 1982
Serie:Knižnice VÚO 154
Tags: Aggiungi Tag
Nessun Tag, puoi essere il primo ad aggiungerne!!

MARC

LEADER 00000nam a2200000 4500
001 c136451
005 20251110133913.7
041 0 |a cze 
044 |a CZ 
245 1 0 |a Pracovní a prodejní doba v maloobchodě v zahraničí  |c Zuzana Burešová, Hana Průšová 
264 1 |a Praha  |b Výzkumný ústav obchodu  |c 1982 
300 |a 36 s. 
490 1 |a Knižnice VÚO  |v 154 
830 0 |a Knižnice VÚO  |v 154 
100 1 |a Burešová, Zuzana 
700 1 |a Průšová, Hana